Влияние электронно-пучкового облучения на структурно-фазовое состояние поверхностного слоя, прочность и пластичность интерметаллического соединения NI3AL; Инновационные технологии и экономика в машиностроении

Библиографические подробности
Источник:Инновационные технологии и экономика в машиностроении.— 2010.— С. 97-105
Другие авторы: Овчаренко В. Е. Владимир Ефимович, Иванов Ю. Ф. Юрий Федорович, Боянгин Е. Н., Лапшин О. В.
Язык:русский
Опубликовано: 2010
Предметы:
Формат: Статья
Запись в KOHA:https://koha.lib.tpu.ru/cgi-bin/koha/opac-detail.pl?biblionumber=188978

MARC

LEADER 00000naa2a2200000 4500
001 188978
005 20231101224156.0
035 |a (RuTPU)RU\TPU\book\205273 
090 |a 188978 
100 |a 20101216d2010 k y0rusy50 ca 
101 0 |a rus 
102 |a RU 
200 1 |a Влияние электронно-пучкового облучения на структурно-фазовое состояние поверхностного слоя, прочность и пластичность интерметаллического соединения NI3AL  |f В. Е. Овчаренко [и др.] 
320 |a Библиогр.: 7 назв. 
463 0 |0 (RuTPU)RU\TPU\book\199146  |y 978-5-98298-642-9  |t Инновационные технологии и экономика в машиностроении  |o сборник трудов Международной научно-практической конференции с элементами научной школы для молодых ученых, 20-21 мая 2010 г. г. Юрга  |f Национальный исследовательский Томский политехнический университет (ТПУ), Юргинский технологический институт (ЮТИ); под ред. Д. А. Чинахова  |v С. 97-105  |d 2010  |p 577 с. 
610 1 |a электронно-пучковое облучение 
610 1 |a структурно-фазовые состояния 
610 1 |a поверхностный слой 
610 1 |a интерметаллические соединения 
610 1 |a труды учёных ТПУ 
701 1 |a Овчаренко  |b В. Е.  |c специалист в области машиностроения  |c профессор-консультант Юргинского технологического института (филиала) Томского политехнического университета, доктор технических наук  |f 1945-  |g Владимир Ефимович  |2 stltpush  |3 (RuTPU)RU\TPU\pers\28211  |9 13165 
701 1 |a Иванов  |b Ю. Ф.  |c физик  |c профессор Томского политехнического университета, доктор физико-математических наук  |f 1955-  |g Юрий Федорович  |2 stltpush  |3 (RuTPU)RU\TPU\pers\28208 
701 1 |a Боянгин  |b Е. Н. 
701 1 |a Лапшин  |b О. В. 
801 1 |a RU  |b 63413507  |c 20101216 
801 2 |a RU  |b 63413507  |c 20180918  |g RCR 
942 |c BK